| 000 | 00527nam a22001697a 4500 | ||
|---|---|---|---|
| 003 | CEME | ||
| 005 | 20210628205403.0 | ||
| 008 | 210127b xxu||||| |||| 00| 0 eng d | ||
| 020 | _a0-8031-1465-6 | ||
| 040 | _c. | ||
| 100 |
_aGolton, William C _975288 |
||
| 245 | _aAnalysis of paints and related materials,current techniques for solving coatings problems | ||
| 260 |
_aMEW YORK _bASTM _c2000 |
||
| 300 |
_aVII,203P _bSTP-1119 |
||
| 650 |
_aPAINT-ANALYSIS .ANALYSIS OF PAINTS AND RELATED MATERIALS _975289 |
||
| 942 |
_cBK _2ddc |
||
| 999 |
_c580735 _d580735 |
||